[Event "Wch U16"]
[Site "Kemer"]
[Date "2009.11.16"]
[Round "7"]
[White "Kugler, Florian"]
[Black "Sevciuc, Vladlen"]
[Result "1-0"]
[WhiteElo "2079"]
[BlackElo "1848"]
[PlyCount "67"]
[EventDate "2009.11.12"]
[EventType "swiss"]
[EventRounds "11"]
[EventCountry "TUR"]
[SourceTitle "EXT 2010"]
[Source "ChessBase"]
[SourceDate "2010.11.25"]
[SourceVersion "1"]
[SourceVersionDate "2010.11.25"]
[SourceQuality "1"]

1. e4 c5 2. Nf3 e6 3. d4 cxd4 4. Nxd4 a6 5. Nc3 Qc7 6. g3 Nf6 7. Bg2 Be7 8. 0-0 0-0 9. Kh1 d6 10. f4 Bd7 11. g4 Nc6 12. g5 Ne8 13. f5 Ne5 14. Bh3 Qc8 15. Qe2 Kh8 16. a4 Rb8 17. a5 exf5 18. Nd5 Bd8 19. Bxf5 Bxf5 20. Nxf5 Qc4 21. Qg2 Rc8 22. Rf2 f6 23. gxf6 gxf6 24. b3 Qb5 25. Bb2 Rg8 26. Qh3 Qd7 27. Bxe5 fxe5 28. Nh6 Qxh3 29. Nf7+ Kg7 30. Rg1+ Kf8 31. Nxd8+ Nf6 32. Rxf6+ Ke8 33. Rxg8+ Kd7 34. Rf7# 1-0

[Event "Wch U16"]
[Site "Kemer"]
[Date "2009.11.16"]
[Round "5"]
[White "Litvinov, Konstantin"]
[Black "Sevciuc, Vladlen"]
[Result "0-1"]
[WhiteElo "1841"]
[BlackElo "1848"]
[PlyCount "74"]
[EventDate "2009.11.12"]
[EventType "swiss"]
[EventRounds "11"]
[EventCountry "TUR"]
[SourceTitle "EXT 2010"]
[Source "ChessBase"]
[SourceDate "2010.11.25"]
[SourceVersion "1"]
[SourceVersionDate "2010.11.25"]
[SourceQuality "1"]

1. d4 d5 2. c4 c6 3. Nf3 e6 4. Nc3 f5 5. e3 Nf6 6. Be2 Bd6 7. Qc2 0-0 8. c5 Bc7 9. b4 Ne4 10. Bd2 Nd7 11. b5 Ndf6 12. h3 Nxc3 13. Bxc3 Ne4 14. Bb4 Bd7 15. 0-0 g5 16. Ne5 Bxe5 17. dxe5 Kh8 18. f4 Rg8 19. bxc6 Bxc6 20. Bf3 Ng3 21. Rfe1 g4 22. hxg4 fxg4 23. Bd1 Qh4 24. Kf2 Ne4+ 25. Kg1 g3 26. a4 a5 27. Bc3 Qh2+ 28. Kf1 Qh1+ 29. Ke2 Qxg2+ 30. Kd3 Qxc2+ 31. Kxc2 g2 32. Rg1 Rg3 33. Bd4 Nf2 34. f5 Nh3 35. Bh5 Nxg1 36. Rxg1 Rf8 37. fxe6 Rf1 0-1

[Event "Wch U16"]
[Site "Kemer"]
[Date "2009.11.16"]
[Round "6"]
[White "Sevciuc, Vladlen"]
[Black "Barros, Raul Junior"]
[Result "1/2-1/2"]
[WhiteElo "1848"]
[BlackElo "2078"]
[PlyCount "55"]
[EventDate "2009.11.12"]
[EventType "swiss"]
[EventRounds "11"]
[EventCountry "TUR"]
[SourceTitle "EXT 2010"]
[Source "ChessBase"]
[SourceDate "2010.11.25"]
[SourceVersion "1"]
[SourceVersionDate "2010.11.25"]
[SourceQuality "1"]

1. e4 c5 2. Nf3 e6 3. d4 cxd4 4. Nxd4 Nf6 5. Nc3 d6 6. Bd3 Nc6 7. Be3 Be7 8. Nb3 0-0 9. f4 a6 10. a4 b6 11. 0-0 Bb7 12. g4 Nd7 13. g5 Nb4 14. Qh5 Nxd3 15. cxd3 Re8 16. f5 exf5 17. exf5 Bf8 18. g6 hxg6 19. fxg6 fxg6 20. Qxg6 Ne5 21. Qh5 Re6 22. Bg5 g6 23. Qxg6+ Nxg6 24. Bxd8 Rxd8 25. Nd4 Re7 26. Ne4 d5 27. Ng3 Ne5 28. Ndf5 1/2-1/2

[Event "Wch U16"]
[Site "Kemer"]
[Date "2009.11.13"]
[Round "2"]
[White "Sevciuc, Vladlen"]
[Black "Tan, Justin Hy"]
[Result "0-1"]
[WhiteElo "1848"]
[BlackElo "2011"]
[PlyCount "94"]
[EventDate "2009.11.12"]
[EventType "swiss"]
[EventRounds "11"]
[EventCountry "TUR"]
[SourceTitle "EXT 2010"]
[Source "ChessBase"]
[SourceDate "2010.11.25"]
[SourceVersion "1"]
[SourceVersionDate "2010.11.25"]
[SourceQuality "1"]

1. e4 e6 2. d4 d5 3. exd5 exd5 4. Bd3 Nc6 5. c3 Bd6 6. Qf3 Nf6 7. h3 0-0 8. Ne2 Re8 9. Bg5 Be7 10. Be3 Ne4 11. Bxe4 dxe4 12. Qxe4 Ba3 13. Qc2 Bd6 14. 0-0 Qh4 15. g3 Qh5 16. Nf4 Bxf4 17. Bxf4 Bxh3 18. Nd2 Re2 19. Qd3 Qd5 20. Nf3 Rae8 21. c4 Qh5 22. Rfc1 R8e3 23. Qxe3 Rxe3 24. fxe3 Qxf3 25. Rc2 Ne7 26. Rf2 Qe4 27. Kh2 Be6 28. d5 Bd7 29. b3 Nf5 30. Raf1 g5 31. Bxg5 Qg4 32. Bf4 Kf8 33. Rf3 c6 34. R1f2 cxd5 35. cxd5 Qg6 36. e4 Nd4 37. Re3 Qh5+ 38. Kg1 Qd1+ 39. Kh2 Bg4 40. Kg2 Ne2 41. Bh6+ Ke8 42. Rf1 Bh3+ 43. Kxh3 Qxf1+ 44. Kg4 Nd4 45. Bf4 f6 46. e5 Qd1+ 47. Kh3 Qh1+ 0-1